| 000 | 00502nam a2200157 a 4500 | ||
|---|---|---|---|
| 005 | 20210223124651.0 | ||
| 008 | 020821s1974 mx r 000 0 spa d | ||
| 035 | _aUPN01000118407 | ||
| 049 | _aCG | ||
| 050 | 4 |
_aDS935 _bE57 |
|
| 245 | 0 | 0 |
_aEntre el pueblo : _bno tenemos nada que envidiar en el mundo. |
| 260 |
_aPyongyang, Corea : _bInstituto de Historia del Partido del C.C. del Patido del Trabajo de Corea, _c1974. |
||
| 300 | _a81 p. | ||
| 651 | 4 |
_aCOREA (NORTE) - _xHISTORIA _97557 |
|
| 905 | _aLibro | ||
| 999 |
_c90782 _d90782 |
||